=LDR 00000nam 2200000 4500 =001 INLIS000000000048734 =005 20170104173137.0 =006 =007 =008 =020 ##$$a 797-461-130-0 =035 ##$$0010-011700000000015 =082 ##$$a 321.6 =090 ##$$a 321.6 Are a =100 ##$$a Hannah Arendt =245 ##$$a Asal-Usul Totalitarisme jilid III =260 ##$$a Jakarta $b yayasan Oboir Indonesia $c 1995 =300 ##$$a Iii, 326 hlm $c 21 cm =990 ##$$a 0046/BPAP-NTB/2017